000 00634nam a22001937a 4500
999 _c4433
_d4433
003 AR-CdUCM
008 190308b ||||| |||| 00| 0 esp d
040 _aMUNICIPALIDAD PROVINCIAL DEL CUSCO
_cBIBLIOTECA MUNICIPAL DEL CUSCO
082 _a869.565 /
_bEG36
100 _aInsúa Madueño, Martha
_913960
245 _aJosé María Eguren /
_cMartha Insúa Madueño.
260 _aLima :
_bLibr. Studium,
_c1942.
300 _a30 páginas ;
_c17 cm.
440 _aGrandes personajes para pequeños lectores
_913961
500 _aDonación de la familia Luis Nieto.
650 _aLiteratos
_9754
942 _2ddc
_cLIBROS
945 _aacrt